000 00980nam0a22002891 4500
001 v19\rc\1947664
005 20251118180905.9
035 _a(NLR Aleph) 005032960
090 _a6710865
_c6710865
100 _a20080428d1913 u y0rusy50 ca
101 0 _arus
102 _aRU
105 _aa z |||||
200 1 _aО запасах железных руд на горе Магнитной
_fА.Н. Заварицкий
210 _aМосква
_cтип. Е. Аветикова
_d1913
215 _a38 с., 2 л. табл.
_d24
300 _aНа правах рукописи
316 _aЭкз. РНБ (62-7/4959): 2-й экз. с автогр. авт.
_5NLR: 62-7/4959
700 1 _aЗаварицкий
_bА.Н.
_f1884-1952
_gАлександр Николаевич
801 0 _aRU
_bNLR
_gpsbo
801 0 _aRU
_bRuMoRGB
_2psbo
801 1 _aRU
_bProSoft-M
_2rusmarc
852 _aNLR
_j62-7/4959
899 _aБАН
899 _aНБ МГУ
942 _cBOOK
980 _aNB